[Event "FRA-chT Top 12 final (Women)"]
[Site "Asnieres sur Seine"]
[Date "2018.06.23"]
[Round "1.2"]
[White "Kosteniuk, Alexandra"]
[Black "Savina, Anastasia"]
[Result "1/2-1/2"]
[WhiteElo "2555"]
[BlackElo "2343"]
[PlyCount "82"]
[EventDate "2018.06.23"]
[EventType "team-k.o."]
[EventRounds "2"]
[EventCountry "FRA"]
[SourceTitle "CBM 185 Extra"]
[Source "ChessBase"]
[SourceDate "2018.07.29"]
[SourceVersion "1"]
[SourceVersionDate "2018.07.29"]
[SourceQuality "1"]
[WhiteTeam "Clichy Echecs 92 (W)"]
[BlackTeam "Vandoeuvre (W)"]
[WhiteTeamCountry "FRA"]
[BlackTeamCountry "FRA"]

1. e4 c5 2. Nf3 Nc6 3. d4 cxd4 4. Nxd4 Nf6 5. Nc3 e6 6. Ndb5 Bb4 7. Bf4 Nxe4 8.
Qf3 d5 9. Nc7+ Kf8 10. Nxa8 e5 11. Bd2 Nd4 12. Qd1 Bg4 13. Qc1 Nxd2 14. Qxd2
Qxa8 15. a3 Ba5 16. b4 Bd8 17. Nb5 Qc8 18. Nxd4 Bg5 19. Qd3 exd4 20. h4 Bf5 21.
Qg3 Bf4 22. Qxf4 Qc3+ 23. Ke2 d3+ 24. Kf3 dxc2+ 25. Bd3 Qxd3+ 26. Qe3 d4 27.
Qxd3 Bxd3 28. Rhe1 f5 29. Re6 Kf7 30. Rd6 Rc8 31. Rc1 Be4+ 32. Ke2 d3+ 33. Kd2
Ke7 34. Rd4 Bxg2 35. Rxd3 Be4 36. Re3 Rd8+ 37. Ke2 Kf6 38. f3 Bc6 39. Rxc2 Rd4
40. Rc5 a6 41. h5 Rh4 1/2-1/2

[Event "FRA-chT Top 12 final (Women)"]
[Site "Asnieres sur Seine"]
[Date "2018.06.24"]
[Round "2.1"]
[White "Paehtz, Elisabeth"]
[Black "Kosteniuk, Alexandra"]
[Result "0-1"]
[WhiteElo "2472"]
[BlackElo "2555"]
[PlyCount "142"]
[EventDate "2018.06.23"]
[EventType "team-k.o."]
[EventRounds "2"]
[EventCountry "FRA"]
[SourceTitle "CBM 185 Extra"]
[Source "ChessBase"]
[SourceDate "2018.07.29"]
[SourceVersion "1"]
[SourceVersionDate "2018.07.29"]
[SourceQuality "1"]
[WhiteTeam "Mulhouse Philidor (W)"]
[BlackTeam "Clichy Echecs 92 (W)"]
[WhiteTeamCountry "FRA"]
[BlackTeamCountry "FRA"]

1. d4 Nf6 2. Nf3 d5 3. Bf4 e6 4. e3 c5 5. Nbd2 Nc6 6. c3 Bd6 7. Bg3 O-O 8. Bd3
b6 9. Qe2 Bb7 10. Rd1 a5 11. e4 Be7 12. e5 Nh5 13. a3 h6 14. Nf1 Qc8 15. Ne3
Ba6 16. O-O Bxd3 17. Rxd3 b5 18. Ng4 Nxg3 19. fxg3 b4 20. Qe3 Kh7 21. axb4 cxd4
22. Nxd4 axb4 23. h4 Nxd4 24. cxd4 Qc2 25. Rd2 Qg6 26. Nf2 f6 27. Nd3 fxe5 28.
Rxf8 exd4 29. h5 Qxh5 30. Qxe6 Bxf8 31. Nf4 Qg5 32. Kh2 Ra1 33. Rxd4 Ra5 34.
Qb6 Bc5 35. Qxa5 Bxd4 36. Qxb4 Be5 37. Qd2 d4 38. Qd3+ g6 39. Ne2 h5 40. Kg1
Qe7 41. Kf1 Qf7+ 42. Kg1 Qb7 43. b3 Qb6 44. Kf2 Kh6 45. Qd2+ g5 46. Qd3 Qc5 47.
Qa6+ Bd6 48. Qd3 Qe5 49. Kf1 Qf6+ 50. Kg1 Bc5 51. Nc1 Bb6 52. Ne2 Kg7 53. Nc1
Qc6 54. Ne2 Qc2 55. Qb5 d3+ 56. Qxb6 Qd1+ 57. Kh2 dxe2 58. Qc7+ Kf6 59. Qc3+
Kf5 60. Qc5+ Ke4 61. Qc4+ Ke3 62. Qc3+ Qd3 63. Qc1+ Kd4 64. Qe1 Qd1 65. Qb4+
Kd3 66. Qc4+ Kd2 67. Qd4+ Kc2 68. Qc5+ Kb1 69. Qf5+ Qc2 70. Qe5 Qd2 71. Qf5+
Ka2 0-1

[Event "Porticcio op 5th"]
[Site "Porticcio"]
[Date "2018.07.01"]
[Round "3"]
[White "Fressinet, Laurent"]
[Black "Kosteniuk, Alexandra"]
[Result "1/2-1/2"]
[WhiteElo "2649"]
[BlackElo "2555"]
[PlyCount "118"]
[EventDate "2018.06.30"]
[EventType "swiss"]
[EventRounds "9"]
[EventCountry "FRA"]
[SourceTitle "CBM 185 Extra"]
[Source "ChessBase"]
[SourceDate "2018.07.29"]
[SourceVersion "1"]
[SourceVersionDate "2018.07.29"]
[SourceQuality "1"]

1. Nf3 Nf6 2. g3 b6 3. Bg2 Bb7 4. O-O e6 5. d3 c5 6. e4 d6 7. c4 Be7 8. Nc3 O-O
9. Ng5 Nfd7 10. h4 Nc6 11. f4 a6 12. f5 Nd4 13. Be3 exf5 14. exf5 Bxg2 15. Kxg2
Nc6 16. Nd5 Nf6 17. Bf4 Nb4 18. Nxf6+ Bxf6 19. a3 Nc6 20. Qh5 h6 21. Ne4 d5 22.
cxd5 Qxd5 23. Qg4 Ne5 24. Bxe5 Qxe5 25. b4 cxb4 26. axb4 Rfd8 27. Rfd1 Rd5 28.
Qf3 Qxf5 29. Nxf6+ gxf6 30. Qxf5 Rxf5 31. Rd2 Rb5 32. Ra4 Kg7 33. Rda2 f5 34.
Rxa6 Rxa6 35. Rxa6 Rxb4 36. Kf3 Kf6 37. Ra8 f4 38. g4 Rd4 39. Rh8 Rxd3+ 40.
Kxf4 Rd4+ 41. Kf3 Kg7 42. Rb8 Rb4 43. Kg3 b5 44. Rb6 Rb1 45. Kg2 b4 46. Kh2 b3
47. Kg2 h5 48. g5 Kf8 49. Rb7 Ke8 50. Kh2 b2 51. Kg2 Kd8 52. Rb4 Kc7 53. Rb3
Kc6 54. Rb8 Kd5 55. Rb7 Ke6 56. Rb5 Kd6 57. Rb7 Kc6 58. Rb8 Kc5 59. Rb7 Kc6
1/2-1/2

[Event "Porticcio op 5th"]
[Site "Porticcio"]
[Date "2018.07.02"]
[Round "4"]
[White "Kosteniuk, Alexandra"]
[Black "Cornette, Deimante"]
[Result "1-0"]
[WhiteElo "2555"]
[BlackElo "2467"]
[PlyCount "81"]
[EventDate "2018.06.30"]
[EventType "swiss"]
[EventRounds "9"]
[EventCountry "FRA"]
[SourceTitle "CBM 185 Extra"]
[Source "ChessBase"]
[SourceDate "2018.07.29"]
[SourceVersion "1"]
[SourceVersionDate "2018.07.29"]
[SourceQuality "1"]

1. e4 e5 2. Nf3 Nc6 3. Bb5 a6 4. Ba4 g6 5. h4 Bg7 6. h5 d6 7. d4 Bg4 8. Bxc6+
bxc6 9. h6 Bf6 10. dxe5 Bxe5 11. Na3 Qf6 12. Nc4 Bxf3 13. Qxf3 Qxf3 14. gxf3
Bd4 15. Ke2 f6 16. Rd1 Bc5 17. Na5 Ne7 18. Nb3 Bb6 19. c4 c5 20. Bd2 Kf7 21. f4
Rhe8 22. Bc3 Rad8 23. Kf3 c6 24. Ba5 Bxa5 25. Nxa5 d5 26. exd5 cxd5 27. Nb7 Rd7
28. Nxc5 Rc7 29. b4 dxc4 30. Nxa6 Rb7 31. a4 Rc8 32. Rac1 c3 33. Rd3 c2 34. Rd2
Nf5 35. Kg2 Rb6 36. b5 Rc4 37. Rcxc2 Rxa4 38. Rd7+ Ke8 39. Rxh7 Kd8 40. Rh8+
Ke7 41. Rc7+ 1-0

[Event "Porticcio op 5th"]
[Site "Porticcio"]
[Date "2018.07.03"]
[Round "5"]
[White "Fridman, Daniel"]
[Black "Kosteniuk, Alexandra"]
[Result "1-0"]
[WhiteElo "2610"]
[BlackElo "2555"]
[PlyCount "147"]
[EventDate "2018.06.30"]
[EventType "swiss"]
[EventRounds "9"]
[EventCountry "FRA"]
[SourceTitle "CBM 185 Extra"]
[Source "ChessBase"]
[SourceDate "2018.07.29"]
[SourceVersion "1"]
[SourceVersionDate "2018.07.29"]
[SourceQuality "1"]

1. Nf3 d5 2. d4 Nf6 3. c4 e6 4. g3 Bb4+ 5. Bd2 Be7 6. Bg2 O-O 7. O-O Nbd7 8.
Qc2 c6 9. Rc1 h6 10. b4 Nb6 11. c5 Nc4 12. Be1 a5 13. bxa5 e5 14. dxe5 Ne4 15.
Nbd2 Nexd2 16. Nxd2 Nxe5 17. Nb3 Nc4 18. e4 Bf6 19. Bc3 d4 20. Nxd4 Bxd4 21.
Bxd4 Qxd4 22. Qxc4 Qxc4 23. Rxc4 Rxa5 24. a4 Rd8 25. Bf3 Kf8 26. Rd1 Ke7 27.
Rxd8 Kxd8 28. Bd1 Kc7 29. f4 Be6 30. Rc1 b6 31. cxb6+ Kxb6 32. Kf2 c5 33. Rb1+
Kc7 34. Ke3 Bd7 35. e5 Ra6 36. Ra1 f6 37. exf6 Rxf6 38. a5 Bb5 39. Rc1 Re6+ 40.
Kf2 c4 41. Ra1 Kb7 42. Be2 Ka6 43. Ra3 Re7 44. g4 Re4 45. f5 c3 46. Bxb5+ Kxb5
47. Rxc3 Rxg4 48. Kf3 Rg5 49. Ke4 Rg2 50. Rg3 Re2+ 51. Kf4 Re7 52. Ra3 Ka6 53.
h4 Rf7 54. Kg4 Rf6 55. h5 Rf7 56. Kf4 Re7 57. Ra1 Re2 58. Rg1 Re7 59. Rg6+ Kxa5
60. f6 gxf6 61. Rxf6 Rb7 62. Kf5 Kb4 63. Kg6 Kc5 64. Kxh6 Kd5 65. Kg6 Rb1 66.
h6 Rg1+ 67. Kf7 Ke5 68. Rg6 Ra1 69. h7 Ra7+ 70. Kg8 Kf5 71. Rb6 Ra8+ 72. Kg7
Ra7+ 73. Kh6 Ra8 74. Rg6 1-0

[Event "Porticcio op 5th"]
[Site "Porticcio"]
[Date "2018.07.04"]
[Round "6"]
[White "Kosteniuk, Alexandra"]
[Black "Sonis, Francesco"]
[Result "1-0"]
[WhiteElo "2555"]
[BlackElo "2448"]
[PlyCount "81"]
[EventDate "2018.06.30"]
[EventType "swiss"]
[EventRounds "9"]
[EventCountry "FRA"]
[SourceTitle "CBM 185 Extra"]
[Source "ChessBase"]
[SourceDate "2018.07.29"]
[SourceVersion "1"]
[SourceVersionDate "2018.07.29"]
[SourceQuality "1"]

1. e4 e6 2. d4 d5 3. Nd2 Be7 4. Bd3 c5 5. dxc5 Nf6 6. exd5 Nxd5 7. Nb3 Nd7 8.
Qg4 Bf6 9. Nf3 Qc7 10. O-O Nxc5 11. Nxc5 Qxc5 12. Ng5 Be5 13. Qh5 g6 14. Qe2
Qc7 15. Bb5+ Kf8 16. Nf3 Bf4 17. c4 Nf6 18. Bxf4 Qxf4 19. Rad1 a6 20. Ba4 b5
21. Rd4 Qc7 22. cxb5 Kg7 23. a3 Bb7 24. Ne5 axb5 25. Bxb5 Rhd8 26. Rc4 Qb6 27.
Bc6 Bxc6 28. Rxc6 Qa5 29. Nxf7 Rd7 30. Ne5 Qd2 31. Qc4 Re7 32. Rxe6 Rae8 33.
Rxe7+ Rxe7 34. Qc5 Nd5 35. Nf3 Qd3 36. Qd4+ Qxd4 37. Nxd4 Nf4 38. g3 Nd3 39. b4
Rd7 40. Ne6+ Kf6 41. Nc5 1-0

[Event "Porticcio op 5th"]
[Site "Porticcio"]
[Date "2018.07.05"]
[Round "7"]
[White "Deac, Bogdan Daniel"]
[Black "Kosteniuk, Alexandra"]
[Result "1-0"]
[WhiteElo "2582"]
[BlackElo "2555"]
[PlyCount "111"]
[EventDate "2018.06.30"]
[EventType "swiss"]
[EventRounds "9"]
[EventCountry "FRA"]
[SourceTitle "CBM 185 Extra"]
[Source "ChessBase"]
[SourceDate "2018.07.29"]
[SourceVersion "1"]
[SourceVersionDate "2018.07.29"]
[SourceQuality "1"]

1. e4 e5 2. Nf3 Nf6 3. Nxe5 d6 4. Nf3 Nxe4 5. d4 d5 6. Bd3 Bd6 7. O-O O-O 8. c4
c6 9. Nc3 Nxc3 10. bxc3 dxc4 11. Bxc4 Bf5 12. Bg5 Qa5 13. Nh4 Be6 14. Bxe6 Qxg5
15. Nf3 Qh6 16. Bb3 Nd7 17. g3 Be7 18. Re1 Bf6 19. Nd2 Rad8 20. Ne4 Be7 21. Qf3
Qg6 22. Nd2 Bg5 23. Nc4 b5 24. Ne5 Nxe5 25. Rxe5 b4 26. cxb4 Bf6 27. Rf5 Rxd4
28. Rc1 Rd6 29. Kg2 h6 30. Rc4 Bd4 31. h4 h5 32. Rg5 Qf6 33. Qxf6 Bxf6 34. Rxh5
Bd4 35. Rf5 g6 36. Rf4 Bb6 37. Rce4 Rd7 38. Rf6 Kg7 39. Rxc6 Rd2 40. Rf4 f5 41.
Rf3 Re8 42. h5 gxh5 43. Rxf5 Rd7 44. Rg5+ Kh8 45. Rxh5+ Rh7 46. Rf5 Rc7 47. Rg6
Rg7 48. Rgf6 Rc7 49. a4 Kg7 50. a5 Bd4 51. Rd6 Be5 52. Rd5 Bf6 53. Rd6 Be5 54.
Rg5+ Kh7 55. Rd1 Bg7 56. Rh1+ 1-0

[Event "Porticcio op 5th"]
[Site "Porticcio"]
[Date "2018.07.06"]
[Round "8"]
[White "Kosteniuk, Alexandra"]
[Black "Abdusattorov, Nodirbek"]
[Result "1-0"]
[WhiteElo "2555"]
[BlackElo "2534"]
[PlyCount "51"]
[EventDate "2018.06.30"]
[EventType "swiss"]
[EventRounds "9"]
[EventCountry "FRA"]
[SourceTitle "CBM 185 Extra"]
[Source "ChessBase"]
[SourceDate "2018.07.29"]
[SourceVersion "1"]
[SourceVersionDate "2018.07.29"]
[SourceQuality "1"]

1. d4 Nf6 2. c4 e6 3. Nc3 Bb4 4. e3 O-O 5. Bd3 d5 6. a3 Bxc3+ 7. bxc3 dxc4 8.
Bxc4 c5 9. Ne2 b6 10. O-O Qc7 11. Ba2 Ba6 12. Bb2 Nc6 13. c4 cxd4 14. exd4 Rfd8
15. d5 e5 16. f4 Ng4 17. Qc1 Na5 18. fxe5 Nxe5 19. Qg5 Re8 20. Rac1 Rac8 21. c5
f6 22. d6+ Bc4 23. Rxc4 Naxc4 24. Qxe5 Qxc5+ 25. Qxc5 Rxc5 26. Nd4 1-0

[Event "Porticcio op 5th"]
[Site "Porticcio"]
[Date "2018.07.07"]
[Round "9"]
[White "Riff, Jean Noel"]
[Black "Kosteniuk, Alexandra"]
[Result "1/2-1/2"]
[WhiteElo "2508"]
[BlackElo "2555"]
[PlyCount "132"]
[EventDate "2018.06.30"]
[EventType "swiss"]
[EventRounds "9"]
[EventCountry "FRA"]
[SourceTitle "CBM 185 Extra"]
[Source "ChessBase"]
[SourceDate "2018.07.29"]
[SourceVersion "1"]
[SourceVersionDate "2018.07.29"]
[SourceQuality "1"]

1. e4 e5 2. Nf3 Nc6 3. Bb5 a6 4. Ba4 Nf6 5. O-O Be7 6. Re1 b5 7. Bb3 d6 8. c3
O-O 9. h3 Re8 10. d4 Bb7 11. Nbd2 exd4 12. cxd4 Nd7 13. Nf1 Na5 14. Bc2 Bf6 15.
N1h2 c5 16. Ng4 cxd4 17. Nxd4 Bxd4 18. Qxd4 Rc8 19. Qd1 h5 20. Ne3 Nf6 21. Bd2
Bxe4 22. Bxe4 Nxe4 23. Bxa5 Qxa5 24. Qxh5 Rc5 25. Qd1 Rce5 26. Qd4 Nf6 27. Red1
d5 28. a3 Qd8 29. Rd3 Re4 30. Qc5 Qb8 31. Rc1 Qf4 32. Rcd1 R4e5 33. Qc2 Qe4 34.
Qe2 Rg5 35. Qf1 Qe6 36. Nc2 Qb6 37. Ne3 Qe6 38. Nc2 Qb6 39. Rd4 Re4 40. Qd3
Rxd4 41. Qxd4 Qe6 42. Qe3 Re5 43. Qd3 Nh5 44. Qf3 Nf6 45. Ne3 Re4 46. Rd3 Qe5
47. Qd1 Qxb2 48. Nxd5 Nxd5 49. Rxd5 g6 50. Rd8+ Kg7 51. Qd6 Qa1+ 52. Kh2 Qe5+
53. Qxe5+ Rxe5 54. Ra8 Re6 55. Ra7 Rc6 56. h4 Rc4 57. Rxa6 Rxh4+ 58. Kg3 Rc4
59. Rb6 Rc3+ 60. f3 Rxa3 61. Rxb5 Ra2 62. Rb6 Rc2 63. Ra6 Rb2 64. Rd6 Rc2 65.
Ra6 Rb2 66. Rd6 Rc2 1/2-1/2

[Event "Olympiad Women-43"]
[Site "Batumi"]
[Date "2018.09.25"]
[Round "2.19"]
[White "Tokhirjonova, Gulruhbegim"]
[Black "Kosteniuk, Alexandra"]
[Result "1/2-1/2"]
[WhiteElo "2369"]
[BlackElo "2559"]
[PlyCount "69"]
[EventDate "2018.09.24"]
[EventType "team-swiss"]
[EventRounds "11"]
[EventCountry "GEO"]
[SourceTitle "EXT 2020"]
[Source "ChessBase"]
[SourceDate "2019.10.17"]
[SourceVersion "1"]
[SourceVersionDate "2019.10.17"]
[SourceQuality "1"]
[WhiteTeam "Uzbekistan (W)"]
[BlackTeam "Russia (W)"]
[WhiteTeamCountry "UZB"]
[BlackTeamCountry "RUS"]

1. e4 e5 2. Nf3 Nf6 3. Nc3 Nc6 4. d4 exd4 5. Nxd4 Bb4 6. Nxc6 bxc6 7. Bd3 O-O
8. O-O d5 9. exd5 cxd5 10. h3 Rb8 11. Qf3 Re8 12. Bg5 c6 13. Bxf6 Qxf6 14. Qxf6
gxf6 15. Ne2 Bd6 16. b3 c5 17. Ng3 Be5 18. Rad1 Bc3 19. f4 Re3 20. Kh2 Be6 21.
Nf5 Bxf5 22. Bxf5 d4 23. Rf3 Rbe8 24. Rdf1 h5 25. Bd3 h4 26. g3 Be1 27. Rxe3
Rxe3 28. gxh4 Bxh4 29. Rg1+ Kh8 30. Rg4 Be1 31. h4 Rf3 32. Kg2 Rf2+ 33. Kg1 Rf3
34. Kg2 Rf2+ 35. Kg1 1/2-1/2

[Event "Olympiad Women-43"]
[Site "Batumi"]
[Date "2018.09.26"]
[Round "3.27"]
[White "Kosteniuk, Alexandra"]
[Black "Tan, Li Ting"]
[Result "1-0"]
[WhiteElo "2559"]
[BlackElo "2054"]
[PlyCount "113"]
[EventDate "2018.09.24"]
[EventType "team-swiss"]
[EventRounds "11"]
[EventCountry "GEO"]
[SourceTitle "EXT 2020"]
[Source "ChessBase"]
[SourceDate "2019.10.17"]
[SourceVersion "1"]
[SourceVersionDate "2019.10.17"]
[SourceQuality "1"]
[WhiteTeam "Russia (W)"]
[BlackTeam "Malaysia (W)"]
[WhiteTeamCountry "RUS"]
[BlackTeamCountry "MAS"]

1. e4 e5 2. Nf3 Nc6 3. Bc4 Bc5 4. d3 Nf6 5. Bg5 h6 6. Bh4 g5 7. Bg3 d6 8. c3
Qe7 9. b4 Bb6 10. a4 a5 11. b5 Nd8 12. O-O Ne6 13. Re1 Nf4 14. d4 Bg4 15. h3
Bh5 16. Na3 Nd7 17. Bxf4 gxf4 18. Be2 O-O-O 19. Nc4 Rhg8 20. Kh1 Rg7 21. Nxb6+
Nxb6 22. Nd2 Bxe2 23. Qxe2 Rdg8 24. Rg1 Qh4 25. Qf3 Nd7 26. Nc4 b6 27. Rad1 Re8
28. Kh2 Rg6 29. Nd2 Qf6 30. Qd3 Qe6 31. Nf3 Rgg8 32. Rge1 Nf6 33. dxe5 dxe5 34.
c4 Rd8 35. Qc2 Rxd1 36. Rxd1 Rd8 37. Rxd8+ Kxd8 38. c5 Nd7 39. cxb6 cxb6 40.
Qc3 f5 41. exf5 Qxf5 42. Qc6 h5 43. Nd2 Qd3 44. Ne4 Qd4 45. h4 Qxa4 46. Nf6 Qd4
47. Nxd7 Qxd7 48. Qxb6+ Qc7 49. Qa6 Kd7 50. b6 Qb8 51. Qa7+ Kc8 52. Qxa5 Kb7
53. Qa7+ Qxa7 54. bxa7 Kxa7 55. g3 Kb6 56. gxf4 exf4 57. Kg2 1-0

[Event "Olympiad Women-43"]
[Site "Batumi"]
[Date "2018.09.27"]
[Round "4.12"]
[White "Naiditsch, Yuliya"]
[Black "Kosteniuk, Alexandra"]
[Result "1/2-1/2"]
[WhiteElo "2375"]
[BlackElo "2559"]
[PlyCount "145"]
[EventDate "2018.09.24"]
[EventType "team-swiss"]
[EventRounds "11"]
[EventCountry "GEO"]
[SourceTitle "EXT 2020"]
[Source "ChessBase"]
[SourceDate "2019.10.17"]
[SourceVersion "1"]
[SourceVersionDate "2019.10.17"]
[SourceQuality "1"]
[WhiteTeam "Israel (W)"]
[BlackTeam "Russia (W)"]
[WhiteTeamCountry "ISR"]
[BlackTeamCountry "RUS"]

1. e4 c5 2. Nf3 Nc6 3. Bb5 g6 4. O-O Bg7 5. Re1 Nf6 6. e5 Nd5 7. Nc3 Nc7 8.
Bxc6 dxc6 9. Ne4 b6 10. Nf6+ Kf8 11. Ne4 Bg4 12. d3 Ne6 13. Neg5 Nxg5 14. Bxg5
h6 15. Bf4 g5 16. Bg3 e6 17. h3 Bh5 18. Re3 Qd5 19. a4 a5 20. Qe1 Bxf3 21. Rxf3
h5 22. Re3 Rh6 23. Re4 Kg8 24. Qe3 Rg6 25. Qe2 h4 26. Bh2 Rd8 27. Rf1 Qa2 28.
b3 Qb2 29. Rg4 Rd5 30. Re1 Rd4 31. Qd2 Rxg4 32. hxg4 Qd4 33. Re4 Qa1+ 34. Re1
Qd4 35. Re4 Qa1+ 36. Qe1 Qxe1+ 37. Rxe1 Bf8 38. Rd1 Kh7 39. d4 Rg8 40. Kf1 Kg7
41. f3 cxd4 42. Rxd4 Bb4 43. Bg1 b5 44. Rd7 bxa4 45. bxa4 Bc3 46. Be3 Bxe5 47.
Bxg5 Rb8 48. Bxh4 Rb4 49. Be1 Rxa4 50. Ra7 Ra1 51. Ke2 a4 52. c3 a3 53. Bd2 Bd6
54. Ra6 a2 55. Kf2 e5 56. Ke3 Kf6 57. Kd3 Ke6 58. Kc2 e4 59. fxe4 Rg1 60. Rxa2
Rxg2 61. Kd3 Bf4 62. c4 Rg3+ 63. Ke2 Bxd2 64. Rxd2 Rxg4 65. Kf3 Rh4 66. c5 Ke5
67. Rd6 Rf4+ 68. Kg3 Rxe4 69. Rxc6 Re3+ 70. Kf2 Rc3 71. Rc8 Kd5 72. Rf8 Rxc5
73. Rxf7 1/2-1/2

[Event "Olympiad Women-43"]
[Site "Batumi"]
[Date "2018.09.28"]
[Round "5.14"]
[White "Kosteniuk, Alexandra"]
[Black "Paehtz, Elisabeth"]
[Result "1-0"]
[WhiteElo "2559"]
[BlackElo "2513"]
[PlyCount "83"]
[EventDate "2018.09.24"]
[EventType "team-swiss"]
[EventRounds "11"]
[EventCountry "GEO"]
[SourceTitle "EXT 2020"]
[Source "ChessBase"]
[SourceDate "2019.10.17"]
[SourceVersion "1"]
[SourceVersionDate "2019.10.17"]
[SourceQuality "1"]
[WhiteTeam "Russia (W)"]
[BlackTeam "Germany (W)"]
[WhiteTeamCountry "RUS"]
[BlackTeamCountry "GER"]

1. c4 g6 2. d4 Bg7 3. Nc3 d6 4. e4 Nf6 5. Nf3 O-O 6. Be2 Nbd7 7. O-O e5 8. Be3
h6 9. dxe5 dxe5 10. Qc1 Ng4 11. Bd2 h5 12. h3 Ngf6 13. Rd1 Nh7 14. b4 c6 15. c5
Qe7 16. Be3 Rd8 17. Qd2 Bf6 18. Bc4 Qe8 19. Qb2 Ndf8 20. Rxd8 Bxd8 21. Rd1 Bf6
22. Nb1 Be6 23. Na3 Rd8 24. Rxd8 Qxd8 25. Be2 Ng5 26. Nd2 Qe7 27. Nac4 Bxc4 28.
Bxc4 Nge6 29. Nf3 Nd7 30. Qd2 Nd4 31. Ng5 Ne6 32. Bxe6 fxe6 33. Nf3 Kf7 34. Qb2
Qd8 35. Qa3 Qb8 36. Qa4 Ke7 37. Nd2 Qa8 38. Nc4 Qb8 39. Bd2 a6 40. Qa3 Qc7 41.
Qg3 Nf8 42. Bh6 1-0

[Event "Olympiad Women-43"]
[Site "Batumi"]
[Date "2018.09.30"]
[Round "6.3"]
[White "Kosteniuk, Alexandra"]
[Black "Danielian, Elina"]
[Result "1/2-1/2"]
[WhiteElo "2559"]
[BlackElo "2409"]
[PlyCount "118"]
[EventDate "2018.09.24"]
[EventType "team-swiss"]
[EventRounds "11"]
[EventCountry "GEO"]
[SourceTitle "EXT 2020"]
[Source "ChessBase"]
[SourceDate "2019.10.17"]
[SourceVersion "1"]
[SourceVersionDate "2019.10.17"]
[SourceQuality "1"]
[WhiteTeam "Russia (W)"]
[BlackTeam "Armenia (W)"]
[WhiteTeamCountry "RUS"]
[BlackTeamCountry "ARM"]

1. e4 e6 2. d4 d5 3. Nc3 Bb4 4. e5 c5 5. a3 Ba5 6. b4 cxd4 7. Nb5 Bc7 8. f4 Nc6
9. Bd3 Nge7 10. Nf3 Nf5 11. Bxf5 exf5 12. O-O O-O 13. Nxc7 Qxc7 14. Bb2 Be6 15.
Qd3 Rfc8 16. Rac1 a5 17. b5 Ne7 18. Bxd4 a4 19. Nd2 h6 20. c3 Ng6 21. Rb1 Nf8
22. b6 Qe7 23. Qe3 Nd7 24. Rb5 Nb8 25. Bc5 Qd7 26. Rfb1 Nc6 27. Bd6 Na5 28. Bc7
Nb3 29. Rb4 Nxd2 30. Qxd2 Ra5 31. Qd4 Qc6 32. Rc1 Rca8 33. h3 Rb5 34. Rxb5 Qxb5
35. Rf1 Qe2 36. Rf2 Qe1+ 37. Rf1 Qe2 38. Rf2 Qe1+ 39. Kh2 Ra5 40. Rb2 Qc1 41.
Qb4 Rc5 42. Qxc5 Qxb2 43. Bd6 Qd2 44. Qb4 Qc2 45. Qd4 Kh7 46. Bc5 Qe4 47. Qf2
g5 48. Be3 g4 49. Bd4 Qd3 50. Qh4 gxh3 51. Qxh3 Qxh3+ 52. Kxh3 Kg6 53. Kh4 Bd7
54. Bc5 f6 55. Be3 Be6 56. Kg3 Bd7 57. Bc5 fxe5 58. fxe5 Kf7 59. Be3 Ke6
1/2-1/2

[Event "Olympiad Women-43"]
[Site "Batumi"]
[Date "2018.10.01"]
[Round "7.14"]
[White "Botsari, Anna Maria"]
[Black "Kosteniuk, Alexandra"]
[Result "0-1"]
[WhiteElo "2252"]
[BlackElo "2559"]
[PlyCount "100"]
[EventDate "2018.09.24"]
[EventType "team-swiss"]
[EventRounds "11"]
[EventCountry "GEO"]
[SourceTitle "EXT 2020"]
[Source "ChessBase"]
[SourceDate "2019.10.17"]
[SourceVersion "1"]
[SourceVersionDate "2019.10.17"]
[SourceQuality "1"]
[WhiteTeam "Greece (W)"]
[BlackTeam "Russia (W)"]
[WhiteTeamCountry "GRE"]
[BlackTeamCountry "RUS"]

1. d4 Nf6 2. c4 e6 3. Nc3 Bb4 4. e3 b6 5. Nge2 Ne4 6. f3 Nxc3 7. Nxc3 Bxc3+ 8.
bxc3 c5 9. Bd3 Qh4+ 10. g3 Qh3 11. Kf2 Bb7 12. e4 O-O 13. Bf4 Nc6 14. Bd6 Rfc8
15. dxc5 Na5 16. Rb1 Bc6 17. cxb6 axb6 18. Bf1 Qh5 19. a3 Nb7 20. Bb4 f5 21.
exf5 Qxf5 22. Qd3 Qh5 23. Bg2 Nc5 24. Qe3 Rf8 25. Rhf1 Qxh2 26. Rh1 Ne4+ 27.
Qxe4 Bxe4 28. Rxh2 Bxb1 29. f4 Ra7 30. Bxf8 Kxf8 31. Rh1 Bd3 32. Ke3 Bxc4 33.
Kd4 Ra4 34. Ke3 Rxa3 35. Be4 h6 36. Kd4 Ra4 37. Ke3 Ra2 38. Rb1 b5 39. Kd4 Ke7
40. Kc5 Re2 41. Kd4 d5 42. Bh7 Kf6 43. Rg1 g6 44. Ra1 Ra2 45. Rxa2 Bxa2 46. Bg8
Bc4 47. g4 Be2 48. g5+ hxg5 49. fxg5+ Ke7 50. Ke5 Bg4 0-1

[Event "Olympiad Women-43"]
[Site "Batumi"]
[Date "2018.10.02"]
[Round "8.1"]
[White "Haast, Anne"]
[Black "Kosteniuk, Alexandra"]
[Result "0-1"]
[WhiteElo "2345"]
[BlackElo "2559"]
[PlyCount "52"]
[EventDate "2018.09.24"]
[EventType "team-swiss"]
[EventRounds "11"]
[EventCountry "GEO"]
[SourceTitle "EXT 2020"]
[Source "ChessBase"]
[SourceDate "2019.10.17"]
[SourceVersion "1"]
[SourceVersionDate "2019.10.17"]
[SourceQuality "1"]
[WhiteTeam "Netherlands (W)"]
[BlackTeam "Russia (W)"]
[WhiteTeamCountry "NED"]
[BlackTeamCountry "RUS"]

1. e4 e5 2. Nf3 Nc6 3. Bc4 Bc5 4. d3 Nf6 5. Nc3 O-O 6. Bg5 h6 7. Bh4 Be7 8. Bg3
d6 9. d4 Nh5 10. Nxe5 Nxe5 11. dxe5 Nxg3 12. hxg3 dxe5 13. Nd5 Bc5 14. Qe2 Be6
15. O-O-O c6 16. Ne3 Qg5 17. Bxe6 fxe6 18. Rd3 Rad8 19. Rhd1 Rd4 20. Kb1 Rxe4
21. Rd7 Rd4 22. R1xd4 Bxd4 23. Rxb7 Bxe3 24. fxe3 Qg4 25. Qe1 Qxg3 26. Qe2 Qg4
0-1

[Event "Olympiad Women-43"]
[Site "Batumi"]
[Date "2018.10.03"]
[Round "9.1"]
[White "Kosteniuk, Alexandra"]
[Black "Bulmaga, Irina"]
[Result "1-0"]
[WhiteElo "2559"]
[BlackElo "2394"]
[PlyCount "103"]
[EventDate "2018.09.24"]
[EventType "team-swiss"]
[EventRounds "11"]
[EventCountry "GEO"]
[SourceTitle "EXT 2020"]
[Source "ChessBase"]
[SourceDate "2019.10.17"]
[SourceVersion "1"]
[SourceVersionDate "2019.10.17"]
[SourceQuality "1"]
[WhiteTeam "Russia (W)"]
[BlackTeam "Romania (W)"]
[WhiteTeamCountry "RUS"]
[BlackTeamCountry "ROU"]

1. e4 e5 2. Nf3 Nc6 3. Bc4 Bc5 4. d3 Nf6 5. Bg5 h6 6. Bh4 d6 7. c3 a6 8. a4 Qe7
9. Nbd2 Ba7 10. O-O g5 11. Bg3 h5 12. h4 g4 13. Ng5 Nd8 14. d4 Nd7 15. Qb3 f6
16. Ne6 Nxe6 17. Bxe6 Nc5 18. dxc5 Bxe6 19. Qxb7 O-O 20. Qxa6 Bxc5 21. Qe2 c6
22. b4 Ba7 23. Kh1 d5 24. f4 gxf3 25. Nxf3 Bg4 26. Qd3 f5 27. Nxe5 fxe4 28.
Nxc6 exd3 29. Nxe7+ Kh7 30. Nxd5 d2 31. Nf6+ Rxf6 32. Rxf6 Be3 33. Rd6 Rc8 34.
Rd3 Re8 35. Be1 Bf5 36. Bxd2 Bxd3 37. Re1 Bc2 38. a5 Ba4 39. Bxe3 Bb5 40. Kg1
Kg6 41. Kf2 Rf8+ 42. Kg3 Re8 43. Kf3 Bc6+ 44. Ke2 Bb5+ 45. Kd2 Kf5 46. Bg5 Rxe1
47. Kxe1 Ke4 48. Kf2 Bc4 49. g4 hxg4 50. h5 Kf5 51. h6 Kg6 52. Bf4 1-0